Bates' guide to physical examination and history taking / (Record no. 30925)

MARC details
000 -LEADER
fixed length control field 02158cam a2200433 i 4500
001 - CONTROL NUMBER
control field 12915338
003 - CONTROL NUMBER IDENTIFIER
control field EG-ScBUE
005 - DATE AND TIME OF LATEST TRANSACTION
control field 20250225092636.0
008 - FIXED-LENGTH DATA ELEMENTS--GENERAL INFORMATION
fixed length control field 160418s2024 paua f b 001 0 eng d
020 ## - INTERNATIONAL STANDARD BOOK NUMBER
International Standard Book Number 9781975210540 (alk. paper)
020 ## - INTERNATIONAL STANDARD BOOK NUMBER
International Standard Book Number 1975210549 (alk. paper)
035 ## - SYSTEM CONTROL NUMBER
System control number (OCoLC)ocn947084262
035 ## - SYSTEM CONTROL NUMBER
System control number 12915338
040 ## - CATALOGING SOURCE
Original cataloging agency DNLM/DLC
Language of cataloging eng
Description conventions rda
Transcribing agency DLC
Modifying agency NLM
-- YDXCP
-- CtY
-- EG-ScBUE
082 04 - DEWEY DECIMAL CLASSIFICATION NUMBER
Classification number 616.0754
Edition number 22
Item number BIC
100 1# - MAIN ENTRY--PERSONAL NAME
Personal name Bickley, Lynn S.,
Relator term author.
245 10 - TITLE STATEMENT
Title Bates' guide to physical examination and history taking /
Statement of responsibility, etc Lynn S. Bickley, Peter G. Szilagyi, Richard M. Hoffman ; guest editor, Rainier P. Soriano.
246 30 - VARYING FORM OF TITLE
Title proper/short title Guide to physical examination and history taking
250 ## - EDITION STATEMENT
Edition statement Thirteenth edition.
264 #1 - PUBLICATION, DISTRIBUTION, ETC. (IMPRINT)
Place of publication, distribution, etc Philadelphia :
Name of publisher, distributor, etc Wolters Kluwer,
Date of publication, distribution, etc [2024]
264 #4 - PUBLICATION, DISTRIBUTION, ETC. (IMPRINT)
Date of publication, distribution, etc c2024
300 ## - PHYSICAL DESCRIPTION
Extent xxxviii, 1201 pages :
Other physical details color illustrations ;
Dimensions 28 cm
336 ## - CONTENT TYPE
Content type term text
Source rdacontent
Content type code txt
337 ## - MEDIA TYPE
Media type term unmediated
Source rdamedia
Media type code n
338 ## - CARRIER TYPE
Carrier type term volume
Source rdacarrier
Carrier type code nc
504 ## - BIBLIOGRAPHY, ETC. NOTE
Bibliography, etc Includes bibliographical references and index.
505 0# - FORMATTED CONTENTS NOTE
Formatted contents note Foundations for clinical proficiency -- Evaluating clinical evidence -- Interviewing and the health history -- Beginning the physical examination : general survey, vital signs, and pain -- Behavior and mental status -- The skin, hair, and nails -- The head and neck -- The thorax and lungs -- The cardiovascular system -- The breasts and axillae -- The abdomen -- The peripheral vascular system -- Male genitalia and hernias -- Female genitalia -- The anus, rectum, and prostate -- The musculoskeletal system -- The nervous system -- Assessing children : infancy through adolescence -- The pregnant woman -- The older adult.
650 #7 - SUBJECT ADDED ENTRY--TOPICAL TERM
Topical term or geographic name as entry element Physical diagnosis.
Source of heading or term BUEsh
650 #7 - SUBJECT ADDED ENTRY--TOPICAL TERM
Topical term or geographic name as entry element Medical history taking.
Source of heading or term BUEsh
650 #7 - SUBJECT ADDED ENTRY--TOPICAL TERM
Topical term or geographic name as entry element Physical Examination
General subdivision methods.
Source of heading or term BUEsh
650 #7 - SUBJECT ADDED ENTRY--TOPICAL TERM
Topical term or geographic name as entry element Medical history taking
Form subdivision methods.
Source of heading or term BUEsh
653 ## - INDEX TERM--UNCONTROLLED
Arrived date list February2025
Resource For college Nursing
655 ## - INDEX TERM--GENRE/FORM
Form subdivision Reading book
700 1# - ADDED ENTRY--PERSONAL NAME
Personal name Szilagyi, Peter G.,
Relator term author.
700 1# - ADDED ENTRY--PERSONAL NAME
Personal name Hoffman, Richard M.,
Relator term author.
700 1# - ADDED ENTRY--PERSONAL NAME
Personal name Soriano, Rainier P.,
Relator term editor.
942 ## - ADDED ENTRY ELEMENTS (KOHA)
Source of classification or shelving scheme Dewey Decimal Classification
Koha item type Book - Borrowing
Holdings
Withdrawn status Lost status Source of classification or shelving scheme Damaged status Not for loan Collection code Home library Current library Shelving location Date acquired Source of acquisition Cost, normal purchase price Serial Enumeration / chronology Total Checkouts Full call number Barcode Date last seen Cost, replacement price Price effective from Koha item type
    Dewey Decimal Classification     Alahram Central Library Central Library First floor 25/02/2025 Purchase 3599.00 155   616.0754 BIC 000057288 15/07/2025 4499.00 25/02/2025 Book - Borrowing